000 00423nam a2200181Ia 4500
001 7476
005 20260306160458.0
008 260306t2010||||xx |||||||||||||| ||spa||
041 _aESP
082 _a339
_bF89
100 _aFuentes, César
_eAUT
245 0 _aMacroeconomĂ­a para los negocios:
_bcasos y aplicaciones
260 _c2010
300 _a
_c
650 _aGEN
654 _aCAN
942 _cLIB
_dJUS
_fJUS
_2ddc
_n
999 _c7476
_d7476